Selected non-fictions /

Бібліографічні деталі
Автор: Borges, Jorge Luis, 1899-1986
Інші автори: Allen, Esther, Weinberger, Eliot (Levine, suzanne Jill)
Формат: Книга
Мова:English
Опубліковано: New York : Viking, 1999.
Редагування:Deluxe edition.
Серія:Penguin classics
Предмети:
Classic Catalogue: View this record in Classic Catalogue
LEADER 01505nam a2200349 a 4500
001 0017151
003 BD-DhAAL
008 090808s1999 nyu b 001 0 eng d
010 |a  99012386  
020 |a 0670849472 (hc) 
020 |a 0140290117 (pbk) 
040 |a DLC  |c DLC  |d DLC  |d BD-DhAAL 
082 0 0 |a 864  |2 21 
100 1 |a Borges, Jorge Luis,  |d 1899-1986. 
240 1 0 |a Essays.  |l English.  |k Selections 
245 1 0 |a Selected non-fictions /  |c Jorge Luis Borges ; edited by Eliot Weinberger ; translated by Esther Allen, Suzanne Jill Levine & Eliot Weinberger. 
250 |a Deluxe edition. 
260 |a New York :  |b Viking,  |c 1999. 
300 |a xvi, 560 pages ;  |c 25 cm 
490 0 |a Penguin classics 
504 |a Includes bibliographical references (pages [523]-548) and index. 
526 |a ENH  |x Prof. Syed Manzoorul Islam Faculty Member of BRAC University 
541 1 |e 00017151  |a Friends' Book Corner 
600 1 0 |a Borges, Jorge Luis,  |d 1899-1986  |x Translations into English.  |9 58289 
700 1 |a Allen, Esther  |9 58290 
700 1 |e Levine, suzanne Jill 
700 1 |a Weinberger, Eliot.  |9 58291 
830 |a Penguin classics 
852 4 |a Ayesha Abed Library  |c General Stacks 
942 0 0 |0 1  |2 ddc  |c BK 
999 |c 3344  |d 3344 
952 |0 0  |1 0  |2 ddc  |4 0  |6 864_BOR_199900000000000  |7 0  |9 3035  |a BRACUL  |b BRACUL  |c GEN  |d 2009-08-31  |e Friends' Book Corner  |g 1440.00  |l 8  |m 41  |o 864 BOR  |p 3010017151  |r 2025-09-11  |s 2025-04-26  |t 1  |w 2009-08-31  |y BK  |x Requisitioned by Prof. Syed Manzoorul Islam (Faculty Member of BRAC University).